Pays en fonction de leurs îles - Statistiques

Statistiques générales
  • Ce quiz a été pris 70 fois
  • Le résultat moyen est 12 sur 25
Statistiques - réponses
Hint Réponse % Correct
Ibiza Espagne
100%
Man Royaume-Uni
97%
Porquerolles France
96%
Rhodes Grèce
88%
Zanzibar Tanzanie
85%
Bolchévik Russie
79%
Wake Etats-Unis
71%
Iwo Jima Japon
65%
Gotland Suède
65%
Hainan Chine
62%
Guadalupe Mexique
50%
Socotra Yémen
47%
Poveglia Italie
46%
McDonald Australie
38%
Lombok Indonesie
38%
Jan Mayen Norvège
35%
Ellesmere Canada
32%
Chiloé Chili
19%
Guadalcanal Salomon
18%
Macquarie Nouvelle-Zélande
16%
Malpelo Colombie
13%
des Etats Argentine
12%
Grimsey Islande
12%
Jeunesse Cuba
10%
Marion Afrique du Sud
6%
Aucun quiz correspondant
Distribution des résultats
% des personnes avec chaque résultat
Percentile par nombre de réponses
Votre historique - résultats
Vous n’avez pas pris ce quiz